000 00390nam a22001571a 4500
020 _a9788185757252
082 _aH200 7
_bGOV/N
100 _aGovind Chatak
245 _aNatak ki sahitya sanrachana/
_cby Govind Chatak
260 _aNew Delhi:
_bTakshasila,
_c1994.
300 _a160p.
650 _aDrama Hindi Study
650 _aLiterature Hindi
650 _aLiterature
942 _cBK
999 _c30607
_d30607